00487nam a2200205Ia 4500008004100000020001800041050001400059100002200073245003200095245002500127260001500152260001600167260000900183300001500192300002600207300001000233300002300243440000700266500000800273170918s9999 xx 000 0 und d a9780439841214 bS857 2004 aStilton, Geronimo 4aThe mouse island marathon / cby Geronimo Stilton. aNew York : bScholastic, c2004 a98 pages : bcolor illustrations ; c19cm. eGeronimo Stilton ; a30 a560